| 000 | 01830cam a2200361 i 4500 | ||
|---|---|---|---|
| 001 | 768714001 | ||
| 003 | CO-MdFUSB | ||
| 005 | 20230331062547.0 | ||
| 007 | ta | ||
| 008 | 061030t2007 miu b 001 0 eng | ||
| 020 | _a0802803792 | ||
| 040 |
_aDLC _cCO-MdFUSB _dBAKER _dBTCTA _dUKM _dC#P _dYDXCP _dWTS _dCAP _dUtOrBLW _bspa _erda |
||
| 041 | _aeng | ||
| 082 |
_223 _a241.5 _bB864 |
||
| 100 | 1 |
_aBrock, Brian. _eautor |
|
| 245 | 1 | 0 |
_aSinging the ethos of God : _bon the place of Christian ethics in Scripture / _cBrian Brock. |
| 264 | 1 |
_aGrand Rapids, Mich. : _bWilliam B. Eerdmans Pub., _c[2007] |
|
| 264 | 4 | _c© 2007 | |
| 300 |
_a386 páginas ; _c24 cm. |
||
| 336 |
_atexto _btxt _2rdacontent. |
||
| 337 |
_asin mediación _bn _2rdamedia. |
||
| 338 |
_avolumen _bnc _2rdacarrier. |
||
| 504 | _aIncluye referencias bibliográficas (páginas 364-374) e índices. | ||
| 505 | _aIntroducción: el problema del alejamiento de la Escritura en la ética cristiana -- Aprender a leer la Biblia para la ética -- Leer conscientemente : la solución hermenéutica -- Leer juntos : la solución comunitaria -- Lectura focalizada : la solución ética bíblica -- Leer doctrinalmente: la solución de la teología bíblica -- Leer como meditación : la solución de la teología exegética -- Escuchar a los santos encontrando el ethos de la Escritura -- El ethos de la confesión salvífica de Agustín -- El ethos de la doxología consoladora de Lutero -- Cantando el ethos de Dios -- Exégesis ética: lo que hemos encontrado -- Explorando el lugar de la ética cristiana en las Escrituras. | ||
| 563 | _aRústico | ||
| 650 | 7 |
_aÉtica cristiana _2 _9185 |
|
| 650 | 0 |
_920 _aConducta de vida |
|
| 653 | _aética en la biblia | ||
| 653 | _aBiblia -- Enseñanzas. | ||
| 942 | _cBK | ||
| 945 | _aJTF-925 | ||
| 999 |
_c67573 _d67573 |
||